| 000 | 00969nam a22003017a 4500 | ||
|---|---|---|---|
| 001 | 165 | ||
| 003 | FISKH | ||
| 005 | 20230301144310.0 | ||
| 008 | 230301b cb ||||| |||| 00| 0 eng d | ||
| 040 |
_aDLC _cDLC _dDLC _dFISKH _beng |
||
| 042 | _alcac | ||
| 050 | 0 | 0 |
_aPZ7.D39145 _bAlw 2009 |
| 082 | 0 | 0 |
_a813.54 _222 |
| 100 | 1 | _aDemas, Corinne. | |
| 245 | 1 | 0 |
_aAlways in trouble / _cwritten by Corinne Demas & pictures by Noah Z. Jones. |
| 250 | _a1st ed. | ||
| 260 |
_aNew York _bScholastic _c2009 |
||
| 300 |
_a20 leaves of plates _bcol. ill. ; _c24 x 28 cm. |
||
| 505 | _aK | ||
| 520 | _aEven after attending obedience school, Emma's dog Toby misbehaves until she takes him back to become a "specially trained dog." | ||
| 521 | 8 |
_a540 _bLexile |
|
| 521 | 8 |
_aK _bRaz-Plus |
|
| 650 | 1 |
_aDogs _xTraining _vFiction. |
|
| 650 | 1 | _aHumorous stories. | |
| 700 | 1 |
_aJones, Noah _q(Noah Z.), _eill. |
|
| 906 |
_a7 _bcbc _corignew _d1 _eecip _f20 _gy-gencatlg |
||
| 942 |
_2ddc _cBK _n0 |
||
| 999 |
_c165 _d165 |
||